000 00558nam a22001937a 4500
005 20251108165802.0
008 250721s1998 xx 000 0 ara d
082 1 4 _aط/613.2/سلي
100 1 _aسليمان، منى
245 1 0 _aصحتك و رشاقتك /
264 1 _aالقاهره :
_bشركة سفير،
_c1998.
300 _a32ص
490 0 _aدليل الفتاه الذكيه من سن 13- 17
650 1 7 _aالصحه
650 1 7 _aالتغذيه
653 _aناشئون صغار (10-14) سنة
942 _2ddc
_cBK
999 _c31265
_d31265